Fiscalidad del deporte

Bibliographic Details
Other Authors: Delgado Garca̕, Ana Mara̕
Format: Unknown
Language:Spanish
Published: Barcelona : Bosch, 2008
Subjects:
Online Access:Acceso restringido

MARC

LEADER 00000ny a22000003n 4500
005 20110609103246.0
008 080822s2008 sp 000 0 spa c
017 |a D.L.B29678-2008 
020 |a 9788476988244 
035 |a 2368 
040 |a SpMaUCDE  |d vLex 
080 |a 796.071:336.22(460) 
080 |a 796/799:336.22(460) 
090 |c 588  |d 588 
245 0 0 |a Fiscalidad del deporte  |h [Recurso electrn̤ico]  |c Ana Mara̕ Delgado Garca̕... [et al.] 
256 |a Servicio en ln̕ea 
260 |a Barcelona :  |b Bosch,  |c 2008 
300 |a 304 p. ;  |c 24 cm. 
506 1 |a Contenido solo disponible en los productos indicados  |d vLex Global  |d vLex Global (Academic Edition, excluding Law Schools)  |d vLex Global (U.S. Academic Edition, Law Schools)  |d vLex Global (U.S. Academic Edition, excluding Law Schools)  |d vLex Global (Academic Edition, Law Schools) 
650 0 7 |a Ley de deporte  |2 Tesauro vLex 
650 0 7 |a Civil  |2 Tesauro vLex 
650 0 7 |a Tributario  |2 Tesauro vLex 
650 0 7 |a Regulacin̤ del deporte  |2 Tesauro vLex 
650 0 7 |a Derecho tributario  |2 Tesauro vLex 
650 0 7 |a Derecho fiscal  |2 Tesauro vLex 
700 1 |a Delgado Garca̕, Ana Mara̕ 
740 0 |a vLex Libros (Servicios en ln̕ea) 
856 4 0 |u http://vlex.com/source/2368  |z Acceso restringido 
942 |c BOOK 
999 0 |a Civil Law  |b Barcelona